Human resource development: Strategic approaches and experiences (Record no. 62787)

MARC details
000 -LEADER
fixed length control field 00417nam a2200157Ia 4500
008 - FIXED-LENGTH DATA ELEMENTS--GENERAL INFORMATION
fixed length control field 230917s9999||||xx |||||||||||||| ||und||
020 ## - ISBN
Price RS250
040 ## - CATALOGING SOURCE
-- 25293
Original cataloging agency VIVEKANANDA LIBRARY
041 ## - Language
-- English
082 ## - DDC NUMBER
Classification number 658.3 M422H
100 ## - MAIN ENTRY--PERSONAL NAME
Personal name Mathur, B L, ed.
245 #0 - TITLE STATEMENT
Title Human resource development: Strategic approaches and experiences
260 ## - PUBLICATION, DISTRIBUTION, ETC. (IMPRINT)
Place of publication, distribution, etc Jaipur
Name of publisher, distributor, etc Arihant Publications
Date of publication, distribution, etc 1989
300 ## - PHYSICAL DESCRIPTION
Pages 298 p.
942 ## - ADDED ENTRY ELEMENTS (KOHA)
Koha item type Books
Holdings
Withdrawn status Lost status Damaged status Not for loan Location (home branch) Sublocation or collection (holding branch) Date acquired Koha issues (times borrowed) Koha full call number Accession No. Koha date last seen Koha item type
        VIVEKANANDA LIBRARY VIVEKANANDA LIBRARY 29/08/2002   658.3 M422H 134567 17/09/2023 Books
© Designed and Maintained by Vivekananda Library, MDU Rohtak